000
00284nam a22001217a 4500
020
_a
0-89874-591-8
082
_a
621.38195833 HOA'D
100
_a
HOAGLAND, ALBERT S
_9
57179
245
_a
DIGITAL MAGNETIC RECOVERY
260
_a
FLORIDA
_b
ROBERT
_c
1983
300
_a
154P
942
_c
BK
999
_c
567473
_d
567473